Normal view
MARC view
- ثابت،مدكور
Entry Personal Name
001 - CONTROL NUMBER
- control field: 15719
003 - CONTROL NUMBER IDENTIFIER
- control field: JO-AjAnu
005 - DATE AND TIME OF LATEST TRANSACTION
- control field: 20230606072816.0
008 - FIXED-LENGTH DATA ELEMENTS
- fixed length control field: 230606|| aca||aabn | a|a d
040 ## - CATALOGING SOURCE
- Original cataloging agency: JO-AjAnu
- Transcribing agency: JO-AjAnu
100 ## - HEADING--PERSONAL NAME
- Personal name: ثابت،مدكور
670 ## - SOURCE DATA FOUND
- Source citation: Work cat.: (JO-AjAnu)8072: ثابت،مدكور, author, كيف تكسر الإيهام في الأفلام ؟